Para el daño ambiental judicial, ¿importan los valores límite administrativos? / (Registro nro. 6136)
[ vista simple ]
| 000 -LEADER | |
|---|---|
| fixed length control field | 01120nabaa22001937a 4500 |
| 003 - CONTROL NUMBER IDENTIFIER | |
| control field | OSt |
| 005 - DATE AND TIME OF LATEST TRANSACTION | |
| control field | 20260122224653.0 |
| 008 - FIXED-LENGTH DATA ELEMENTS--GENERAL INFORMATION | |
| fixed length control field | 190701b xxu||||| |||| 00| 0 spa d |
| 040 ## - CATALOGING SOURCE | |
| Transcribing agency | PJ |
| 100 ## - MAIN ENTRY--PERSONAL NAME | |
| 9 (RLIN) | 4200 |
| Personal name | Falbo, Aníbal J. |
| 245 10 - TITLE STATEMENT | |
| Title | Para el daño ambiental judicial, ¿importan los valores límite administrativos? / |
| Statement of responsibility, etc | Aníbal J. Falbo. |
| 300 ## - PHYSICAL DESCRIPTION | |
| Extent | p. 46-55 |
| 505 ## - FORMATTED CONTENTS NOTE | |
| Formatted contents note | Sumario: I. ¿Cuál es la importancia de los valores límite administrativos para el daño ambiental judicial?— II. El daño ambiental es un daño civil, no administrativo.— III. Análisis específico de los valores límite administrativos.— IV. Las características especiales del daño ambiental.— V. Referencias a la autorización administrativa.— VI. Decisiones relevantes.— VII. Cierre. |
| 505 ## - FORMATTED CONTENTS NOTE | |
| Title | ¿Te interesa el texto completo? Comunicate al correo: koha@justierradelfuego.gov.ar |
| 650 #0 - SUBJECT ADDED ENTRY--TOPICAL TERM | |
| 9 (RLIN) | 211 |
| Topical term or geographic name as entry element | DERECHO ADMINISTRATIVO |
| 650 #0 - SUBJECT ADDED ENTRY--TOPICAL TERM | |
| 9 (RLIN) | 3251 |
| Topical term or geographic name as entry element | DAÑO AMBIENTAL |
| 773 0# - HOST ITEM ENTRY | |
| Host Biblionumber | 2842 |
| Host Itemnumber | 3251 |
| Place, publisher, and date of publication | Buenos Aires : AbeledoPerrot, 2012- |
| Other item identifier | DA121 |
| Title | Derecho administrativo. Nº 149 septiembre/octubre 2023 |
| International Standard Book Number | 18510590 |
| 942 ## - ADDED ENTRY ELEMENTS (KOHA) | |
| Source of classification or shelving scheme | |
| Koha item type | Analítica Artículo de Revista |
No hay ítems disponibles.
